Control for Integrating Plants

Guardado en:
Detalles Bibliográficos
Autor principal: Yimer, Rehoboth Aragaw (Autor)
Otros Autores: Paulusová, Jana (Orientador)
Formato: Manuscrito Libro
Lenguaje:eslovaco
inglés
Publicado: Bratislava : STU v Bratislave FEI, 2025
Materias:
Acceso en línea:https://opac.crzp.sk/?fn=detailBiblioFormChildQEDUL&sid=BA75C2D62745AD5727EE959ED92F&seo=CRZP-detail-kniha
Etiquetas: Agregar Etiqueta
Sin Etiquetas, Sea el primero en etiquetar este registro!

MARC

LEADER 00000ntm a22000003a 4500
001 stuzp102064
003 SK-STU
005 20260210131554.2
007 ta
008 150427s2015----xo-----f-mn---000-0-slo-d
040 |a STU  |b slo 
041 0 |a eng 
044 |a xo 
100 1 |a Yimer, Rehoboth Aragaw  |u 031000  |4 aut  |U FEI Fakulta elektrotechniky a informatiky  |T FEI Ústav robotiky a kybernetiky  |X 114999  |U E011  |Y 356  |7 114999 
242 0 1 |a Riadenie systémov s integračným charakterom  |y slo 
245 1 0 |a Control for Integrating Plants 
260 |a Bratislava :  |b STU v Bratislave FEI,  |c 2025 
300 |a 88 s. 
650 4 |a Pole placement  |2 slo 
650 4 |a MDPM  |2 slo 
650 4 |a SIMC  |2 slo 
650 4 |a pole placement  |2 eng 
650 4 |a MDPM  |2 eng 
650 4 |a SIMC  |2 eng 
700 1 |a Paulusová, Jana  |u 031000  |k Z1  |4 ths  |U FEI Fakulta elektrotechniky a informatiky  |T FEI Ústav robotiky a kybernetiky  |X 4953  |U E011  |Y 356  |7 A000004953 
856 4 |u https://opac.crzp.sk/?fn=detailBiblioFormChildQEDUL&sid=BA75C2D62745AD5727EE959ED92F&seo=CRZP-detail-kniha